000 00801cam a22002777a 4500
001 001300
003 armpunfd
005 20140612090636.0
008 031118e0####xx#a##########000#0#und#d
040 _aarmpunfd
_carmpunfd
080 _a34 R327
245 1 0 _aRevista jurýdica de mar del plata
260 _a Uenos Aires : Gowa
_b2002.
650 7 _a Actos Ilicitos
_2LEMB
650 7 _a Compraventa
_2LEMB
650 7 _a Contrato De Trabajo
_2LEMB
650 7 _a Convertibilidad
_2LEMB
650 7 _a Delito Informatico
_2LEMB
650 7 _a Emergencia Economica
_2LEMB
650 7 _a Internet
_2LEMB
650 7 _a Pesca Maritima
_2LEMB
650 7 _a Responsabilidad Civil
_2LEMB
650 7 _a Responsabilidad Objetiva
_2LEMB
942 _cLB
_2cdu
945 _aCatalis
_d2010-08-19
999 _c1291
_d231795